000 00346nam a22001457a 4500
008 210527b ||||| |||| 00| 0 eng d
020 _a9781119020059
041 _aeng
080 _23rd
_a612.39
082 _a612.39
100 _a10
101 _aNUT
245 _aVisualizing Nutrition Everyday Choices
_cMary B. Grosvenor
942 _2udc
_cBK
999 _c57679
_d57679